Sports Quiz

Random Sports or College Quiz
Score 0/20 Timer 07:00
0 Plays Today
Hint Answer % Correct
StateOhio
99.3%
Team ColorScarlet
97.3%
Primary RivalMichigan
87.2%
NicknameBuckeyes
85.8%
ConferenceBig Ten
84.5%
CityColumbus
81.8%
No. of Men's Varsity Sports16
78.6%
No. of Women's Varsity Sports17
78.2%
Famous Alum: T&F Jesse _____Owens
70.6%
Team ColorGray
65%
Hint Answer % Correct
MascotBrutus Buckeye
59.8%
Football StadiumOhio Stadium
47.3%
Primary RivalIllinois
38%
Basketball ArenaValue City Arena
37.2%
Sport w/ most NCAA ChampionshipsMen's Swimming (11)
29.9%
Athletic DirectorGene Smith
27.7%
Famous Alum: SG _____ HavlicekJohn
21.7%
Fight SongAcross the Field
19.2%
Fight SongBuckeye Battle Cry
16.4%
Baseball StadiumBill Davis Stadium
10%
Remove Ads.
Support Sporcle.
Get the best of Sporcle when you Go Orange. This ad-free experience offers more features, more stats, and more fun while also helping to support Sporcle. Thank you for becoming a member.

You're not logged in!

Compare scores with friends on all Sporcle quizzes.
OR
Log In

Show Comments

Extras

Top Quizzes Today


Score Distribution

Your Account Isn't Verified!

In order to create a playlist on Sporcle, you need to verify the email address you used during registration. Go to your Sporcle Settings to finish the process.

Report this User

Report this user for behavior that violates our Community Guidelines.

Details: